<?xml version="1.0" encoding="UTF-8"?>
<record
    xmlns:xsi="http://www.w3.org/2001/XMLSchema-instance"
    xsi:schemaLocation="http://www.loc.gov/MARC21/slim http://www.loc.gov/standards/marcxml/schema/MARC21slim.xsd"
    xmlns="http://www.loc.gov/MARC21/slim">

  <leader>03094nam a22002657a 4500</leader>
  <controlfield tag="003">DO-SdBJH</controlfield>
  <controlfield tag="005">20260703205725.0</controlfield>
  <controlfield tag="008">260703b2025    |||||||| |||| 00| 0 spa d</controlfield>
  <datafield tag="040" ind1=" " ind2=" ">
    <subfield code="a">DO-SdBJH</subfield>
    <subfield code="b">spa</subfield>
    <subfield code="c">DO-SdBJH</subfield>
  </datafield>
  <datafield tag="041" ind1="0" ind2=" ">
    <subfield code="a">spa</subfield>
  </datafield>
  <datafield tag="090" ind1=" " ind2=" ">
    <subfield code="a">CT CM-0025</subfield>
    <subfield code="b">AMBC 2025</subfield>
  </datafield>
  <datafield tag="100" ind1="1" ind2=" ">
    <subfield code="a">Am&#xE9;zquita Hilario, Luis Emmanuel</subfield>
    <subfield code="e">sustentante</subfield>
  </datafield>
  <datafield tag="245" ind1="1" ind2="0">
    <subfield code="a">Evaluaci&#xF3;n de la efectividad del proceso de capacitaci&#xF3;n y entrenamiento del personal de la Polic&#xED;a Militar del  ERD para protecci&#xF3;n y seguridad de instalaciones militares en la Frontera Terrestre de Rep&#xFA;blica Dominicana /</subfield>
    <subfield code="c">Luis Emmanuel Am&#xE9;zquita Hilario, Dahiana Nicole Santana ; asesor metodol&#xF3;gico David Aguiar ; asesor de contenido G&#xE9;nesis Alejandro Sosa Jim&#xE9;nez.</subfield>
  </datafield>
  <datafield tag="260" ind1=" " ind2=" ">
    <subfield code="a">Santo Domingo, Rep&#xFA;blica Dominicana :</subfield>
    <subfield code="b">UNADE,</subfield>
    <subfield code="c">2025.</subfield>
  </datafield>
  <datafield tag="502" ind1=" " ind2=" ">
    <subfield code="a">Tesis y trabajos de grado (Licenciatura en Ciencias Militares)--Universidad Nacional para la Defensa "General Juan Pablo Duarte y D&#xED;ez", Academia Militar "Batalla de las Carreras", Santo Domingo, 2025.</subfield>
  </datafield>
  <datafield tag="504" ind1=" " ind2=" ">
    <subfield code="a">Incluye referencias bibliogr&#xE1;ficas y anexos.</subfield>
  </datafield>
  <datafield tag="505" ind1=" " ind2=" ">
    <subfield code="a">Fundamentos institucionales, hist&#xF3;ricos y doctrinales de la Polic&#xED;a Militar del Ej&#xE9;rcito de Rep&#xFA;blica Dominicana -- Proceso de Capacitaci&#xF3;n y entrenamiento del personal de la Polic&#xED;a Militar del ERD para la protecci&#xF3;n y seguridad de instalaciones militares fronterizas -- Evaluaci&#xF3;n de la efectividad del proceso de capacitaci&#xF3;n y propuestas de mejora para el fortalecimiento de la seguridad militar fronteriza.</subfield>
  </datafield>
  <datafield tag="520" ind1=" " ind2=" ">
    <subfield code="a">Este estudio analiza si la capacitaci&#xF3;n y entrenamiento de la Polic&#xED;a Militar del ERD son realmente efectivos para proteger instalaciones militares en la frontera. La frontera dominicana enfrenta grandes retos: contrabando, migraci&#xF3;n irregular, narcotr&#xE1;fico y tensiones armadas. En ese escenario, la preparaci&#xF3;n del personal militar es clave para garantizarla seguridad nacional y la soberan&#xED;a del pa&#xED;s. La investigaci&#xF3;n indica que la Polic&#xED;a Militar ha conseguido logros significativos debido a un marco legal firme y a la colaboraci&#xF3;n con otras entidades. No obstante tambi&#xE9;n muestra flaquezas: ausencia de tecnolog&#xED;a actualizada, escasez de instructores especializados y poca capacitaci&#xF3;n en derecho humano, ciberseguridad y disturbios civiles. En s&#xED;ntesis, es necesario actualizar la capacitaci&#xF3;n, fortalecer el entrenamiento en materia legal y tecnol&#xF3;gica y aumentar la colaboraci&#xF3;n a nivel internacional. Con estas modificaciones, la Polic&#xED;a Militar podr&#xE1; reaccionar a los retos fronterizos de una forma mas eficaz y ser un pilar m&#xE1;s solido de la defensa del pa&#xED;s.</subfield>
  </datafield>
  <datafield tag="650" ind1=" " ind2="7">
    <subfield code="2">lemb</subfield>
    <subfield code="a">Polic&#xED;a militar</subfield>
    <subfield code="v">Tesis y disertaciones acad&#xE9;micas</subfield>
    <subfield code="x">Capacitaci&#xF3;n militar </subfield>
    <subfield code="x">Evaluaci&#xF3;n de programas </subfield>
    <subfield code="z">Rep&#xFA;blica Dominicana</subfield>
  </datafield>
  <datafield tag="650" ind1=" " ind2="7">
    <subfield code="2">lemb</subfield>
    <subfield code="a">Instalaciones militares</subfield>
    <subfield code="v">Tesis y disertaciones acad&#xE9;micas</subfield>
    <subfield code="x">Seguridad</subfield>
    <subfield code="x">Vigilancia fronteriza </subfield>
    <subfield code="z">Rep&#xFA;blica Dominicana</subfield>
  </datafield>
  <datafield tag="700" ind1="1" ind2=" ">
    <subfield code="a"> Santana, Dahiana Nicole </subfield>
    <subfield code="e">sustentante</subfield>
  </datafield>
  <datafield tag="700" ind1="1" ind2=" ">
    <subfield code="a">Aguiar, David</subfield>
    <subfield code="e">asesor metodol&#xF3;gico</subfield>
  </datafield>
  <datafield tag="700" ind1="1" ind2=" ">
    <subfield code="a">Sosa Jim&#xE9;nez, G&#xE9;nesis Alejandro</subfield>
    <subfield code="e">asesor de contenido</subfield>
  </datafield>
  <datafield tag="942" ind1=" " ind2=" ">
    <subfield code="2">CL</subfield>
    <subfield code="c">T</subfield>
  </datafield>
  <datafield tag="999" ind1=" " ind2=" ">
    <subfield code="c">8753</subfield>
    <subfield code="d">8753</subfield>
  </datafield>
  <datafield tag="952" ind1=" " ind2=" ">
    <subfield code="0">0</subfield>
    <subfield code="1">0</subfield>
    <subfield code="2">CL</subfield>
    <subfield code="4">0</subfield>
    <subfield code="7">0</subfield>
    <subfield code="8">TG</subfield>
    <subfield code="a">BJHA</subfield>
    <subfield code="b">BJHA</subfield>
    <subfield code="c">GEN</subfield>
    <subfield code="d">2026-07-03</subfield>
    <subfield code="i">25-02610</subfield>
    <subfield code="l">0</subfield>
    <subfield code="o">CT CM-0025 AMBC 2025</subfield>
    <subfield code="p">25-02610</subfield>
    <subfield code="r">2026-07-03 19:55:35</subfield>
    <subfield code="t">e.1</subfield>
    <subfield code="w">2026-07-03</subfield>
    <subfield code="y">T</subfield>
  </datafield>
</record>
